000 00496nam a2200181Ia 4500
005 20250423095555.0
008 250422s9999 xx 000 0 und d
020 _a9781839105777
050 _aHB 1954 .H36/
100 _aEdited by Recchi, Ettore
245 0 _aHandbook of human mobility and migration
260 _aCheltenham
260 _bEdward Elgar Publishing
260 _c2024
300 _axxvi, 294 p.: ill.
650 _aResidential mobility. Migration, Internal.
942 _cBK
999 _c30685
_d30685